000 01032nam a2200277Ia 4500
003 OSt
005 20220923211134.0
006 a|||||r|||| 00| 0
007 ta
008 220922b |||||||| |||| 00| 0 hin d
020 _a8185469903 (hbk)
_c60
024 _a234,771
037 _b416, 28/02/2008, University Book House
_cTextual
040 _aARTS
_cARTS
_bhin
041 _2hin
_ahin
082 _aO152,3N594x, N7
100 _aहर्षुल, आनंद
_9158631
245 0 _aबैठे हुए हाथी के भीतर लड़का
246 _aBaiṭhe hue hāthī ke bhītar laड़kā
260 _aपंचकूला
_b आधार प्रकाशन
_c1997
300 _a108पृ.
_ccm.
490 _aआधार कहानी संग्रह: 7
650 _aहिन्दी साहित्य
_9156264
942 _hO152,3N594x, N7
_cTEXL
_2CC
999 _c295806
_d295806